000 00438nam a2200193Ia 4500
005 20240823043855.0
008 240823s9999||||xx |||||||||||||| ||und||
020 _a0-515-13925-4
041 _aENGLISH
082 _A813.54 P5
100 _aCatherine Coulter
245 0 _aBlow Out
250 _a1st
260 _c2005
_b"Penguin Books,En"
500 _aTRANSFERED
650 _aGeneral
_bGeneral
942 _cBK
999 _c211241
_d211241